ბათუმის შოთა რუსთაველის სახელმწიფო უნივერსიტეტის ბიბლიოთეკა

Семейная психотерапия (ბიბ.ჩანაწერი № 35516)

000 -LEADER
fixed length control field 00600nam a2200229Ia 4500
001 - CONTROL NUMBER
control field 1377
003 - CONTROL NUMBER IDENTIFIER
control field GE_BSU
008 - FIXED-LENGTH DATA ELEMENTS--GENERAL INFORMATION
fixed length control field 181216s||||||||xx |||||||||||||| ||und||
020 ## - INTERNATIONAL STANDARD BOOK NUMBER
International Standard Book Number 5225015883
040 ## - CATALOGING SOURCE
Transcribing agency GE_BSU
080 ## - UNIVERSAL DECIMAL CLASSIFICATION NUMBER
Universal Decimal Classification number 616.89
100 ## - MAIN ENTRY--PERSONAL NAME
Personal name Эидемиллер,Э.Г. Юстицкий,В.В.
245 ## - TITLE STATEMENT
Title Семейная психотерапия
260 ## - PUBLICATION, DISTRIBUTION, ETC.
Place of publication, distribution, etc. Ленинград
260 ## - PUBLICATION, DISTRIBUTION, ETC.
Name of publisher, distributor, etc. Медицина
260 ## - PUBLICATION, DISTRIBUTION, ETC.
Date of publication, distribution, etc. 1990
300 ## - PHYSICAL DESCRIPTION
Extent 192стр.
653 ## - INDEX TERM--UNCONTROLLED
Uncontrolled term Психотерапия
653 ## - INDEX TERM--UNCONTROLLED
Uncontrolled term Семейная психотерапия
942 ## - ADDED ENTRY ELEMENTS (KOHA)
Koha item type წიგნი
ეგზემპლარები
Withdrawn status Lost status Damaged status Not for loan Date acquired Barcode Date last seen Price effective from Koha item type Public note
        2018-12-17 1163 2018-12-17 2018-12-17 წიგნი დარბაზი